[Event "POL-chT 2nd League"]
[Site "Jastrzebia Gora"]
[Date "2023.09.06"]
[Round "5.52"]
[White "Wozniak, Marcin2222"]
[Black "Bernat, Marcin"]
[Result "1-0"]
[WhiteElo "1817"]
[BlackElo "1959"]
[PlyCount "147"]
[EventDate "2023.09.02"]
[EventType "team-swiss"]
[EventRounds "9"]
[EventCountry "POL"]
[SourceTitle "EXT 2024"]
[Source "ChessBase"]
[SourceDate "2023.10.10"]
[SourceVersion "1"]
[SourceVersionDate "2023.10.10"]
[SourceQuality "1"]
[WhiteTeam "Rzeszow Szachownica"]
[BlackTeam "Lipno Steszew"]
[WhiteTeamCountry "POL"]
[BlackTeamCountry "POL"]

1. e4 e6 2. d4 d5 3. Bd3 dxe4 4. Bxe4 Nf6 5. Bf3 c5 6. Ne2 Nc6 7. Be3 Be7 8. 0-0 cxd4 9. Nxd4 Ne5 10. Nb5 Nxf3+ 11. Qxf3 Qa5 12. c4 0-0 13. Nd2 Bd7 14. Qxb7 Rfb8 15. Nb3 Qb4 16. Qc7 Bd8 17. Qg3 Bxb5 18. cxb5 Qxb5 19. Bd4 Ne8 20. Rac1 Qa4 21. Rc3 Rxb3 22. Bxg7 Rxc3 23. Bxc3+ Kf8 24. Qe5 Bf6 25. Qc5+ Kg7 26. Qg5+ Kf8 27. Bxf6 Nxf6 28. Qxf6 Qe4 29. h3 Qg6 30. Qh8+ Qg8 31. Qf6 Qg6 32. Qh8+ Qg8 33. Qc3 Qg7 34. Qc5+ Kg8 35. Qb4 Rd8 36. Rc1 Qd4 37. Rc4 Qd1+ 38. Kh2 Qd6+ 39. Qxd6 Rxd6 40. Kg3 Rd2 41. Rb4 a5 42. Rb5 a4 43. a3 Kg7 44. Rb4 Kg6 45. Rxa4 Rxb2 46. f3 Ra2 47. Ra8 Kg7 48. a4 Kf6 49. a5 Kg7 50. a6 Kf6 51. a7 Kf5 52. Rh8 Rxa7 53. Rxh7 Kg6 54. Rh8 Kg7 55. Rh4 f5 56. Rb4 Ra2 57. f4 Kf6 58. Rc4 Kg6 59. Rb4 Rc2 60. Ra4 Rb2 61. Ra3 Rc2 62. Re3 Kf6 63. Kf3 Rc6 64. g4 fxg4+ 65. hxg4 Ra6 66. g5+ Kf5 67. Re5+ Kg6 68. Kg4 Rb6 69. Rxe6+ Rxe6 70. f5+ Kf7 71. fxe6+ Kxe6 72. Kh5 Kf7 73. Kh6 Kg8 74. Kg6 1-0

[Event "POL-chT 2nd League"]
[Site "Szklarska Poreba"]
[Date "2017.09.03"]
[Round "2.16"]
[White "Bernat, Marcin"]
[Black "Cichocki, Konrad"]
[Result "1/2-1/2"]
[WhiteElo "2111"]
[BlackElo "1864"]
[PlyCount "79"]
[EventDate "2017.09.02"]
[EventType "team-swiss"]
[EventRounds "9"]
[EventCountry "POL"]
[SourceTitle "CBM 180 Extra"]
[Source "ChessBase"]
[SourceDate "2017.10.06"]
[SourceVersion "1"]
[SourceVersionDate "2017.10.06"]
[SourceQuality "1"]
[WhiteTeam "Steszew Lipno"]
[BlackTeam "Wloclawek 1938"]
[WhiteTeamCountry "POL"]
[BlackTeamCountry "POL"]

1. d4 Nf6 2. c4 e6 3. Nc3 Bb4 4. e3 c5 5. Nge2 0-0 6. a3 cxd4 7. axb4 dxc3 8. Nxc3 d5 9. b5 Qc7 10. cxd5 Rd8 11. Be2 exd5 12. 0-0 Be6 13. Qd4 b6 14. b3 Nbd7 15. Bb2 Nc5 16. Ra3 Nce4 17. Rc1 Qe7 18. Nd1 Rac8 19. Rca1 Rc7 20. f3 Nd6 21. Bd3 Nf5 22. Qe5 Nd6 23. Ra4 Nfe8 24. Nc3 f6 25. Qf4 Rdc8 26. Qd4 Qf7 27. g4 Rd7 28. Ne2 Nc4 29. Rd1 Ne5 30. Kf2 Nxd3+ 31. Qxd3 Qg6 32. Qxg6 hxg6 33. Rd2 Rdc7 34. Nd4 Kf7 35. Ba3 Bd7 36. Bb4 a5 37. Ba3 Rc3 38. Bb2 R3c5 39. Ba3 Rc3 40. Bb2 1/2-1/2

[Event "POL-chT 2nd League"]
[Site "Jastrzebia Gora"]
[Date "2015.09.13"]
[Round "9.105"]
[White "Bernat, Marcin"]
[Black "Koziol, Pawel"]
[Result "1-0"]
[WhiteElo "2105"]
[BlackElo "1927"]
[PlyCount "109"]
[EventDate "2015.09.05"]
[EventType "team-swiss"]
[EventRounds "9"]
[EventCountry "POL"]
[SourceTitle "EXT 2017"]
[Source "ChessBase"]
[SourceDate "2016.10.25"]
[SourceVersion "1"]
[SourceVersionDate "2016.10.25"]
[SourceQuality "1"]
[WhiteTeam "Steszew Lipno"]
[BlackTeam "Warszawa Skoczek Trojanski"]
[WhiteTeamCountry "POL"]
[BlackTeamCountry "POL"]

1. d4 Nf6 2. c4 g6 3. Nc3 Bg7 4. e4 d6 5. f3 e5 6. d5 0-0 7. Be3 Nh5 8. Nge2 f5 9. Qd2 a6 10. 0-0-0 Nd7 11. Kb1 Ndf6 12. h3 f4 13. Bf2 Bd7 14. c5 Re8 15. cxd6 cxd6 16. Nc1 Ng3 17. Rg1 Nxf1 18. Rgxf1 Bf8 19. Nb3 Be7 20. Rc1 Qb8 21. Rc2 Bd8 22. Rfc1 b5 23. Nd1 a5 24. Qd3 Rf8 25. Nd2 a4 26. b4 Qb7 27. Kb2 Ne8 28. Nb1 Rb8 29. Qf1 Rf7 30. Rc3 g5 31. R1c2 h5 32. Qg1 Rg7 33. Qf1 Nf6 34. Nd2 Nh7 35. Kb1 Nf8 36. Nb2 Ng6 37. Nd3 Ne7 38. Nc5 dxc5 39. bxc5 Bc6 40. dxc6 Nxc6 41. Rb2 Ba5 42. Rd3 Nb4 43. Rd6 Nc6 44. Qd3 Bxd2 45. Rxd2 Rc8 46. Qd5+ Kh7 47. Qe6 b4 48. Rd7 Rc7 49. Qf5+ Kh8 50. Rd8+ Nxd8 51. Rxd8+ Rg8 52. Qxe5+ Rcg7 53. Rd6 Kh7 54. Qf5+ Rg6 55. Rd7+ 1-0

[Event "POL-chT 2nd League"]
[Site "Jastrzebia Gora"]
[Date "2015.09.08"]
[Round "4.81"]
[White "Garbowski, Jakub"]
[Black "Bernat, Marcin"]
[Result "0-1"]
[WhiteElo "2049"]
[BlackElo "2105"]
[PlyCount "154"]
[EventDate "2015.09.05"]
[EventType "team-swiss"]
[EventRounds "9"]
[EventCountry "POL"]
[SourceTitle "EXT 2017"]
[Source "ChessBase"]
[SourceDate "2016.10.25"]
[SourceVersion "1"]
[SourceVersionDate "2016.10.25"]
[SourceQuality "1"]
[WhiteTeam "Jaworzno JKSz MCKiS"]
[BlackTeam "Steszew Lipno"]
[WhiteTeamCountry "POL"]
[BlackTeamCountry "POL"]

1. e4 e6 2. d4 d5 3. Nd2 a6 4. Bd3 c5 5. dxc5 Bxc5 6. Ngf3 Nc6 7. a3 Nf6 8. Qe2 dxe4 9. Nxe4 Nxe4 10. Qxe4 Bd7 11. 0-0 Bd6 12. b4 f5 13. Qe2 0-0 14. Bb2 Qc7 15. Rfe1 Rae8 16. Ne5 Nxe5 17. Bxe5 Bxe5 18. Qxe5 Rc8 19. c4 Qxe5 20. Rxe5 Kf7 21. Rae1 Rfe8 22. f3 Kf6 23. Kf2 g5 24. c5 Bb5 25. Bc2 Rcd8 26. Bb3 Rd2+ 27. Kg1 Bd7 28. R5e2 Rd4 29. Re5 Rd3 30. R5e3 Rd4 31. Re5 f4 32. Bc2 h6 33. R5e2 Bb5 34. Re4 Rd2 35. Bb3 e5 36. Rd1 Red8 37. Ree1 Be2 38. Rxd2 Rxd2 39. a4 g4 40. Bd5 Rxd5 41. Rxe2 gxf3 42. gxf3 Rd3 43. Rb2 Rxf3 44. b5 axb5 45. axb5 Rc3 46. c6 b6 47. Ra2 Kf5 48. Kf2 Ke4 49. Ra4+ Kd5 50. Ra8 Ke4 51. Ra4+ Kf5 52. Ra8 Rc2+ 53. Ke1 f3 54. Kd1 Rc5 55. Kd2 Ke4 56. Rd8 h5 57. Rf8 f2 58. Rxf2 Rxb5 59. Kc1 Ra5 60. Rb2 Ra7 61. Rxb6 Rc7 62. Kd2 Kd5 63. Rb7 Kxc6 64. Rxc7+ Kxc7 65. Ke3 Kd6 66. Ke4 Ke6 67. Ke3 Kd5 68. Kd3 h4 69. h3 e4+ 70. Ke3 Ke5 71. Ke2 Kf4 72. Kf2 Kf5 73. Ke3 Ke5 74. Ke2 Kf4 75. Kf2 e3+ 76. Ke2 Ke4 77. Ke1 Kf3 0-1

[Event "POL-chT 2nd League"]
[Site "Jastrzebia Gora"]
[Date "2015.09.06"]
[Round "2.76"]
[White "Szustakowski, Antoni"]
[Black "Bernat, Marcin"]
[Result "1/2-1/2"]
[WhiteElo "2030"]
[BlackElo "2105"]
[PlyCount "106"]
[EventDate "2015.09.05"]
[EventType "team-swiss"]
[EventRounds "9"]
[EventCountry "POL"]
[SourceTitle "EXT 2017"]
[Source "ChessBase"]
[SourceDate "2016.10.25"]
[SourceVersion "1"]
[SourceVersionDate "2016.10.25"]
[SourceQuality "1"]
[WhiteTeam "Zielonka Zieloni"]
[BlackTeam "Steszew Lipno"]
[WhiteTeamCountry "POL"]
[BlackTeamCountry "POL"]

1. Nf3 c5 2. c4 g6 3. d4 cxd4 4. Nxd4 Bg7 5. e4 Nc6 6. Be3 Nf6 7. Nc3 Ng4 8. Qxg4 Nxd4 9. Qd1 Ne6 10. Qd2 d6 11. Be2 Bd7 12. 0-0 Qa5 13. Rfc1 Bc6 14. f3 0-0 15. Rab1 Rfc8 16. b4 Qd8 17. Nd5 b6 18. f4 Nf8 19. Bf3 e6 20. Nc3 Qe7 21. Nb5 Rd8 22. Rd1 d5 23. exd5 exd5 24. Qf2 Bxb5 25. cxb5 Rac8 26. Rxd5 Rxd5 27. Bxd5 Rc3 28. Bd4 Bxd4 29. Qxd4 Re3 30. h3 Re1+ 31. Rxe1 Qxe1+ 32. Kh2 Qe7 33. a3 Nd7 34. Bc6 Nf6 35. Qe5 Qd8 36. a4 h6 37. Bf3 Kg7 38. g4 Qd2+ 39. Bg2 g5 40. fxg5 Qxg5 41. Qxg5+ hxg5 42. Bc6 Ng8 43. Kg3 Kf6 44. Bd5 Ne7 45. Bb3 Nc8 46. h4 gxh4+ 47. Kxh4 Nd6 48. g5+ Kf5 49. Kh5 Ke5 50. Kh6 Kf4 51. Bc2 Ne8 52. Bb3 Nd6 53. Bc2 Ne8 1/2-1/2

[Event "POL-chT3 Wielkopolskie 1415"]
[Site "Poland"]
[Date "2015.02.01"]
[Round "6.9"]
[White "Miedzinski, Kuba"]
[Black "Bernat, Marcin"]
[Result "1/2-1/2"]
[WhiteElo "2087"]
[BlackElo "2101"]
[PlyCount "20"]
[EventDate "2014.11.30"]
[EventType "team-tourn"]
[EventRounds "11"]
[EventCountry "POL"]
[SourceTitle "EXT 2019"]
[Source "ChessBase"]
[SourceDate "2018.10.10"]
[SourceVersion "1"]
[SourceVersionDate "2018.10.10"]
[SourceQuality "1"]

1. e4 e6 2. d4 d5 3. Nc3 Bb4 4. e5 Qd7 5. Qg4 f5 6. Qg3 b6 7. Bd2 Bb7 8. f4 Nc6 9. Nf3 0-0-0 10. 0-0-0 Kb8 1/2-1/2

[Event "POL-chT3 Wielkopolskie 1314"]
[Site "Poland"]
[Date "2014.01.05"]
[Round "4.27"]
[White "Skrzypczak, Michal"]
[Black "Bernat, Marcin"]
[Result "1/2-1/2"]
[WhiteElo "1986"]
[BlackElo "2120"]
[PlyCount "154"]
[EventDate "2013.10.27"]
[EventType "team-tourn"]
[EventRounds "11"]
[EventCountry "POL"]
[SourceTitle "EXT 2015"]
[Source "ChessBase"]
[SourceDate "2014.11.20"]
[SourceVersion "1"]
[SourceVersionDate "2014.11.20"]
[SourceQuality "1"]
[WhiteTeam "Srem LKS Piast"]
[BlackTeam "Steszew Lipno"]
[WhiteTeamCountry "POL"]
[BlackTeamCountry "POL"]

1. b4 e5 2. Bb2 Bxb4 3. Bxe5 Nf6 4. Nc3 Ba5 5. Nf3 Nc6 6. Bxf6 Qxf6 7. Nd5 Qd8 8. c4 d6 9. e3 Bf5 10. Be2 0-0 11. 0-0 Re8 12. d4 Rb8 13. Qa4 Bb6 14. Rfd1 Ne7 15. Nf4 c6 16. Rac1 d5 17. h3 Bc7 18. Nd3 dxc4 19. Qxc4 Nd5 20. Nc5 Qe7 21. Bd3 Nxe3 22. fxe3 Qxe3+ 23. Kh1 Bxh3 24. Qc2 Bg4 25. Qd2 Qxd2 26. Rxd2 Bxf3 27. gxf3 Bf4 28. Rcc2 Bxd2 29. Rxd2 b6 30. Ne4 h6 31. Kg2 Rbd8 32. Bc4 Kf8 33. Kf2 f5 34. Ng3 g6 35. a4 Kg7 36. Ne2 Kf6 37. Rc2 Rd6 38. Ba6 Re7 39. Bd3 c5 40. Bb5 cxd4 41. Rd2 Re5 42. f4 Re4 43. Bd3 Re8 44. Bb5 Red8 45. Nc1 g5 46. Nd3 Rc8 47. Ke2 g4 48. Kf1 h5 49. Rh2 Rh8 50. Rh4 Rdd8 51. Ne5 Rc8 52. Bc6 Rc7 53. Ke2 Re7 54. Bd5 Rd8 55. Bc4 Rc8 56. Bd3 Rh8 57. Bc4 Rxe5+ 58. fxe5+ Kxe5 59. Bf7 Kf4 60. Rxh5 Rf8 61. Bc4 Rc8 62. Bd3 Rc5 63. Rh7 Re5+ 64. Kd2 Kf3 65. Bf1 Ra5 66. Bb5 a6 67. Bc6+ Kf4 68. Kd3 b5 69. axb5 axb5 70. Kxd4 b4 71. Rb7 Kg3 72. Rxb4 f4 73. Bd7 Ra7 74. Bf5 Rf7 75. Ke5 Re7+ 76. Kd5 Re3 77. Ra4 Kf3 1/2-1/2

[Event "POL-chT 3rd League Wielkopolska 12/13"]
[Site "Poznan"]
[Date "2013.01.06"]
[Round "5.25"]
[White "Bernat, Marcin"]
[Black "Nadstoga, Wojciech"]
[Result "0-1"]
[WhiteElo "2141"]
[BlackElo "2039"]
[PlyCount "90"]
[EventDate "2012.11.25"]
[EventType "team-tourn"]
[EventRounds "11"]
[EventCountry "POL"]
[SourceTitle "EXT 2014"]
[Source "ChessBase"]
[SourceDate "2013.11.20"]
[SourceVersion "1"]
[SourceVersionDate "2013.11.20"]
[SourceQuality "1"]
[WhiteTeam "Poznan Lech"]
[BlackTeam "Wolsztyn UKS Szach"]
[WhiteTeamCountry "POL"]
[BlackTeamCountry "POL"]

1. d4 Nf6 2. c4 g6 3. Nc3 Bg7 4. g3 c5 5. Nf3 Na6 6. Bg2 d6 7. 0-0 0-0 8. h3 Rb8 9. Re1 Bd7 10. d5 h6 11. e4 Nc7 12. a4 b6 13. e5 Nfe8 14. Qd3 a6 15. e6 fxe6 16. Qxg6 Rf6 17. Qd3 b5 18. axb5 axb5 19. cxb5 Nxd5 20. Nxd5 exd5 21. Qxd5+ e6 22. Qd1 Rxb5 23. Nd2 Qc7 24. Ne4 Rf8 25. Ra6 Rb6 26. Rxb6 Qxb6 27. Qg4 Nf6 28. Qg6 Nxe4 29. Rxe4 Rf6 30. Qg4 d5 31. Re5 c4 32. Re2 Be8 33. Bxd5 exd5 34. Rxe8+ Kh7 35. Re2 Rf7 36. Bf4 d4 37. Re6 Qxb2 38. Qg6+ Kg8 39. Re8+ Rf8 40. Rxf8+ Kxf8 41. Bd6+ Kg8 42. Be5 Qc1+ 43. Kg2 Qg5 44. Qe8+ Kh7 45. Bxd4 Qd5+ 0-1

[Event "POL-chT3 Wielkopolska 1112"]
[Site "Poland"]
[Date "2012.??.??"]
[Round "6.31"]
[White "Bernat, Marcin"]
[Black "Mantorski, Robert"]
[Result "1-0"]
[WhiteElo "2161"]
[BlackElo "1961"]
[PlyCount "83"]
[EventDate "2011.11.27"]
[EventType "team-tourn"]
[EventRounds "11"]
[EventCountry "POL"]
[SourceTitle "EXT 2014"]
[Source "ChessBase"]
[SourceDate "2013.11.20"]
[SourceVersion "1"]
[SourceVersionDate "2013.11.20"]
[SourceQuality "1"]
[WhiteTeam "Poznan Lech"]
[BlackTeam "Witkowo Jurand"]
[WhiteTeamCountry "POL"]
[BlackTeamCountry "POL"]

1. d4 d5 2. c4 e6 3. Nc3 Nf6 4. Bg5 Nbd7 5. cxd5 exd5 6. e3 c6 7. Bd3 Be7 8. Qc2 0-0 9. Nf3 Re8 10. 0-0 Nf8 11. h3 Be6 12. Rfe1 Qc8 13. Bf4 Ng6 14. Bg3 Nf8 15. Rac1 Nh5 16. Bh2 g5 17. e4 dxe4 18. Nxe4 g4 19. hxg4 Bxg4 20. Ne5 Ng6 21. Re3 Be6 22. Rce1 Qd8 23. Nc5 Bxc5 24. dxc5 Qf6 25. Nxg6 hxg6 26. Bc4 Bd7 27. Be5 Qg5 28. Qb3 Be6 29. Bd6 Ng7 30. Bxe6 Rxe6 31. Qxb7 Rae8 32. Rxe6 Nxe6 33. Qxc6 Rd8 34. Re3 Qf5 35. Qe4 Qh5 36. Qe5 Qd1+ 37. Kh2 Ng7 38. Qf6 Re8 39. Rxe8+ Nxe8 40. Qd8 Qe2 41. f3 Kg7 42. Qe7 1-0

[Event "POL-chT3 Wielkopolska 1112"]
[Site "Poland"]
[Date "2012.??.??"]
[Round "10.13"]
[White "Bernat, Marcin"]
[Black "Steczek, Marcin"]
[Result "0-1"]
[WhiteElo "2161"]
[BlackElo "2408"]
[PlyCount "68"]
[EventDate "2011.11.27"]
[EventType "team-tourn"]
[EventRounds "11"]
[EventCountry "POL"]
[SourceTitle "EXT 2014"]
[Source "ChessBase"]
[SourceDate "2013.11.20"]
[SourceVersion "1"]
[SourceVersionDate "2013.11.20"]
[SourceQuality "1"]
[WhiteTeam "Poznan Lech"]
[BlackTeam "Konin Hetman"]
[WhiteTeamCountry "POL"]
[BlackTeamCountry "POL"]

1. d4 Nf6 2. c4 e6 3. Nc3 Bb4 4. e3 0-0 5. Bd3 c5 6. a3 Bxc3+ 7. bxc3 d6 8. Ne2 Nc6 9. 0-0 e5 10. e4 h6 11. d5 Ne7 12. Ra2 Ng6 13. f3 Nh5 14. g3 Bd7 15. Kh1 Rb8 16. Ng1 Nf6 17. h4 Nh7 18. Rh2 f5 19. exf5 Bxf5 20. Bxf5 Rxf5 21. Qd3 Rf6 22. h5 Nh8 23. f4 Nf7 24. Nf3 Qd7 25. Rh4 Re8 26. Re1 exf4 27. Rxe8+ Qxe8 28. gxf4 Qd7 29. Nd2 Nd8 30. Ne4 Rf8 31. Bd2 b6 32. Kg2 Nb7 33. Kg3 Qf5 34. Qe2 Re8 0-1

[Event "Poznan op 20th"]
[Site "Poznan"]
[Date "2011.07.24"]
[Round "9"]
[White "Chojnacki, Krzysztof"]
[Black "Bernat, Marcin"]
[Result "1/2-1/2"]
[WhiteElo "2437"]
[BlackElo "2138"]
[PlyCount "60"]
[EventDate "2011.07.16"]
[EventType "swiss"]
[EventRounds "9"]
[EventCountry "POL"]
[SourceTitle "CBM 143 Extra"]
[Source "ChessBase"]
[SourceDate "2011.08.29"]
[SourceVersion "1"]
[SourceVersionDate "2011.08.29"]
[SourceQuality "1"]

1. d4 Nf6 2. c4 e6 3. Nc3 Bb4 4. Nf3 b6 5. g3 Bb7 6. Bg2 0-0 7. 0-0 Bxc3 8. bxc3 d6 9. Re1 Nbd7 10. Bh3 Ne4 11. Nd2 Nxd2 12. Bxd2 f5 13. f3 e5 14. e3 e4 15. f4 Qe8 16. Bf1 c5 17. Be2 Nf6 18. Qb3 Bc6 19. a4 Qe7 20. a5 Qc7 21. Reb1 Rfb8 22. Qa3 Be8 23. Kf1 Bh5 24. Bxh5 Nxh5 25. axb6 Rxb6 26. Rb5 Nf6 27. Qb3 Rab8 28. Bc1 Nd7 29. Qa2 R8b7 30. Ra5 Kf8 1/2-1/2

[Event "Poznan op 20th"]
[Site "Poznan"]
[Date "2011.07.18"]
[Round "3"]
[White "Moranda, Wojciech"]
[Black "Bernat, Marcin"]
[Result "1-0"]
[WhiteElo "2586"]
[BlackElo "2138"]
[PlyCount "58"]
[EventDate "2011.07.16"]
[EventType "swiss"]
[EventRounds "9"]
[EventCountry "POL"]
[SourceTitle "CBM 143 Extra"]
[Source "ChessBase"]
[SourceDate "2011.08.29"]
[SourceVersion "1"]
[SourceVersionDate "2011.08.29"]
[SourceQuality "1"]

1. d4 e6 2. c4 d5 3. Nc3 c5 4. cxd5 exd5 5. Nf3 Nc6 6. g3 Nf6 7. Bg2 Be7 8. 0-0 0-0 9. dxc5 Bxc5 10. Na4 Be7 11. Be3 Ne4 12. Rc1 Qa5 13. a3 Be6 14. Nd4 Nxd4 15. Bxd4 Rac8 16. Nc3 Rfd8 17. e3 Nd6 18. Ne2 Bg4 19. Rxc8 Rxc8 20. Bc3 Bxe2 21. Qxe2 Qb5 22. Qg4 Bf8 23. Rd1 Rc4 24. Qf3 Re4 25. Qh5 g6 26. Qxd5 Qxd5 27. Rxd5 Re8 28. Kf1 f5 29. Bd4 Nf7 1-0